| 000 | 00429pab a2200181 454500 | ||
|---|---|---|---|
| 008 | 180718b2011 xxu||||| |||| 00| 0 eng d | ||
| 100 | _aWilson, Meena Surie | ||
| 245 | _aDeveloping leadership: India at the crossroads | ||
| 260 | _c2011 | ||
| 300 | _ap.1-8. | ||
| 362 | _aJul-Sep | ||
| 650 | _aLeadership - India | ||
| 650 | _aLeadership | ||
| 700 | _aHoole, Emily | ||
| 773 | _aVikalpa | ||
| 908 | _aN | ||
| 909 | _a93636 | ||
| 999 |
_c93636 _d93636 |
||